[Event "FIDE World Uni Rapid-C 1st"]
[Site "Tornelo INT"]
[Date "2021.03.21"]
[Round "7"]
[White "Dallemagne, Maximillien"]
[Black "Osena, Alexis Anne"]
[Result "1-0"]
[WhiteElo "2100"]
[BlackElo "1704"]
[PlyCount "95"]
[EventDate "2021.03.20"]
[EventType "swiss (rapid)"]
[EventRounds "12"]
[EventCountry "NET"]
[SourceTitle "CBM 201 Extra"]
[Source "ChessBase"]
[SourceDate "2021.05.31"]
[SourceVersion "1"]
[SourceVersionDate "2021.05.31"]
[SourceQuality "1"]

1. Nf3 g6 2. d4 Bg7 3. Bf4 d6 4. Nc3 Nd7 5. Qd2 c6 6. 0-0-0 h5 7. e4 Ngf6 8. Bc4 b5 9. Bxf7+ Kxf7 10. Ng5+ Kg8 11. e5 Nd5 12. Nxd5 cxd5 13. Ne6 Qb6 14. exd6 exd6 15. Qe3 Nf8 16. Nxg7 Kxg7 17. Qe7+ Kg8 18. Bxd6 Bf5 19. Rde1 Rh7 20. Qe5 Nd7 21. Qxd5+ Kh8 22. Qxa8+ Kg7 23. Re7+ Kh6 24. Bf4+ g5 25. Rxh7+ Bxh7 26. Be3 Qc7 27. c3 Qd6 28. Qxa7 Qg6 29. Kd2 Qc2+ 30. Ke1 Bd3 31. Bxg5+ Kxg5 32. f4+ Kh6 33. Qa6+ Kh7 34. Qe6 Nf6 35. Qf7+ Kh8 36. Qxf6+ Kg8 37. Qe6+ Kg7 38. Qe5+ Kf8 39. Qh8+ Ke7 40. Qxh5 Qc1+ 41. Kf2 Qxh1 42. Qe5+ Kf7 43. Qc7+ Kg6 44. Qc6+ Kg7 45. Qd7+ Kh6 46. Qh3+ Kg7 47. Qxd3 Qxh2 48. Qg3+ 1-0

[Event "FIDE World Uni Rapid-C 1st"]
[Site "Tornelo INT"]
[Date "2021.03.21"]
[Round "8"]
[White "Dallemagne, Maximillien"]
[Black "Wang, Michael1"]
[Result "1/2-1/2"]
[WhiteElo "2100"]
[BlackElo "2133"]
[PlyCount "134"]
[EventDate "2021.03.20"]
[EventType "swiss (rapid)"]
[EventRounds "12"]
[EventCountry "NET"]
[SourceTitle "CBM 201 Extra"]
[Source "ChessBase"]
[SourceDate "2021.05.31"]
[SourceVersion "1"]
[SourceVersionDate "2021.05.31"]
[SourceQuality "1"]

1. Nf3 Nf6 2. d4 d5 3. e3 e6 4. Bd3 c5 5. b3 Qc7 6. Nbd2 Nc6 7. a3 cxd4 8. exd4 Bd6 9. Bb2 0-0 10. Qe2 a6 11. 0-0 b5 12. Ne5 Bb7 13. f4 Ne7 14. Qf3 Rac8 15. Rac1 Qb6 16. Rfe1 a5 17. Qh3 Rfd8 18. Kh1 b4 19. axb4 axb4 20. Ndf3 Ng6 21. Bxg6 hxg6 22. Nxf7 Bxf4 23. Rxe6 Qc7 24. N3g5 Bxg5 25. Nxg5 Qf4 26. Re5 Rxc2 27. Qe6+ Kh8 28. Rce1 Rf2 29. Qh3+ Kg8 30. Rg1 Bc8 31. Ne6 Qd2 32. Bc1 Qc2 33. Qg3 Re8 34. Ng5 Rxe5 35. Qxe5 Bf5 36. Qb8+ Qc8 37. Qxc8+ Bxc8 38. Re1 Ne4 39. Nxe4 dxe4 40. Kg1 Rc2 41. Bg5 Bb7 42. Ra1 Bd5 43. Ra4 e3 44. Bxe3 Rxg2+ 45. Kf1 Rb2 46. Rxb4 Rxb3 47. Rxb3 Bxb3 48. Kf2 Kf7 49. Kg3 Ke6 50. Kf4 Bc2 51. Bd2 Bb1 52. Ba5 Bc2 53. Bb4 Bb1 54. Ba5 Kd5 55. Ke3 g5 56. Bc7 g6 57. Bd8 g4 58. Bf6 Bf5 59. Kf4 Bb1 60. Kg5 Bf5 61. Be5 Ke6 62. Bh8 Kd5 63. Bg7 Ke6 64. Be5 Kd5 65. Kf4 Ke6 66. Kg5 Kd5 67. Kf6 Be4 1/2-1/2

[Event "FIDE World Uni Rapid-C 1st"]
[Site "Tornelo INT"]
[Date "2021.03.20"]
[Round "4"]
[White "Diaz Espinoza, Axel Alberto"]
[Black "Dallemagne, Maximillien"]
[Result "0-1"]
[WhiteElo "1641"]
[BlackElo "2100"]
[PlyCount "78"]
[EventDate "2021.03.20"]
[EventType "swiss (rapid)"]
[EventRounds "12"]
[EventCountry "NET"]
[SourceTitle "CBM 201 Extra"]
[Source "ChessBase"]
[SourceDate "2021.05.31"]
[SourceVersion "1"]
[SourceVersionDate "2021.05.31"]
[SourceQuality "1"]

1. e4 e6 2. d4 d5 3. e5 c5 4. c3 Nc6 5. Nf3 Qb6 6. Bd3 cxd4 7. cxd4 Bd7 8. 0-0 Nxd4 9. Nxd4 Qxd4 10. Nc3 a6 11. Qe2 Bb4 12. Be3 Qxe5 13. f4 Qd6 14. Bd4 Bc5 15. Bxc5 Qxc5+ 16. Kh1 Nf6 17. Rac1 0-0 18. Ne4 Qe7 19. Ng5 h6 20. Nf3 Bb5 21. Bxb5 axb5 22. Qxb5 Rxa2 23. Ne5 Ne4 24. Qb3 Rfa8 25. f5 Nd2 26. Qc3 Nxf1 27. Rxf1 Ra1 28. Kg1 Rxf1+ 29. Kxf1 Qf6 30. Ke2 exf5 31. Kf3 Re8 32. Nd7 Qxc3+ 33. bxc3 Rc8 34. Kf4 Rxc3 35. Nb6 Rc2 36. Kxf5 Rxg2 37. Nxd5 Rg5+ 38. Ke4 Rxd5 39. Kxd5 f5 0-1

[Event "FIDE World Uni Blitz-D 1st"]
[Site "Tornelo INT"]
[Date "2021.03.13"]
[Round "3.42"]
[White "Dallemagne, Maximillien"]
[Black "Espinoza Davila, Geraldine"]
[Result "1-0"]
[WhiteElo "2100"]
[BlackElo "1401"]
[PlyCount "21"]
[EventDate "2021.03.13"]
[EventType "swiss (blitz)"]
[EventRounds "10"]
[EventCountry "NET"]
[SourceTitle "EXT 2022"]
[Source "ChessBase"]
[SourceDate "2021.10.06"]
[SourceVersion "1"]
[SourceVersionDate "2021.10.06"]
[SourceQuality "1"]

1. Nf3 Nf6 2. d4 d6 3. Bf4 g6 4. Nc3 Bg7 5. Qd2 0-0 6. Bh6 a6 7. h4 Nc6 8. h5 Nxh5 9. Rxh5 gxh5 10. Qg5 Bf5 11. Qxg7# 1-0

[Event "FIDE World Uni Blitz-D 1st"]
[Site "Tornelo INT"]
[Date "2021.03.13"]
[Round "9.28"]
[White "Gabitova, Dilyara"]
[Black "Dallemagne, Maximillien"]
[Result "0-1"]
[WhiteElo "1671"]
[BlackElo "2100"]
[PlyCount "130"]
[EventDate "2021.03.13"]
[EventType "swiss (blitz)"]
[EventRounds "10"]
[EventCountry "NET"]
[SourceTitle "EXT 2022"]
[Source "ChessBase"]
[SourceDate "2021.10.06"]
[SourceVersion "1"]
[SourceVersionDate "2021.10.06"]
[SourceQuality "1"]

1. e4 e6 2. f4 d5 3. e5 c5 4. Nf3 Nc6 5. c3 Qa5 6. Na3 b6 7. Nc2 Ba6 8. Bxa6 Qxa6 9. d3 Nh6 10. 0-0 Be7 11. Ne3 0-0 12. Kh1 Rad8 13. d4 f5 14. exf6 Bxf6 15. g4 cxd4 16. cxd4 Be7 17. h3 Bd6 18. Ng2 Rf7 19. Be3 Rdf8 20. Qd2 Na5 21. b3 Re7 22. Ng5 Nf7 23. Nf3 Rc8 24. Rac1 Rec7 25. Rxc7 Qxf1+ 26. Bg1 Rxc7 27. Ne3 Qc1 28. Qd3 Bxf4 29. Ng2 Bg3 30. Nfh4 Bxh4 31. Nxh4 Qg5 32. Qg3 Rc8 33. Nf3 Qe7 34. Be3 h6 35. Kh2 Nc6 36. Kh1 Nd6 37. Qf4 Rf8 38. Qg3 Ne4 39. Qg2 Qf6 40. Ne5 Qf1+ 41. Qxf1 Rxf1+ 42. Kg2 Nxe5 43. Kxf1 Nd3 44. Ke2 Nb4 45. a3 Nc6 46. b4 a6 47. Kd3 b5 48. Bf4 Kf7 49. h4 Kf6 50. Ke3 g5 51. hxg5+ hxg5 52. Bc7 e5 53. dxe5+ Nxe5 54. Bd8+ Ke6 55. Bc7 Nc4+ 56. Kd4 Nxa3 57. Bd8 Nc2+ 58. Kd3 Nxb4+ 59. Ke3 Nc6 60. Bb6 a5 61. Kd3 b4 62. Bc7 a4 63. Kc2 Ne5 64. Ba5 b3+ 65. Kb2 Nc4+ 0-1

[Event "FIDE World Uni Blitz-D 1st"]
[Site "Tornelo INT"]
[Date "2021.03.13"]
[Round "7.16"]
[White "Silva, Mariana Sofia Teixe"]
[Black "Dallemagne, Maximillien"]
[Result "1/2-1/2"]
[WhiteElo "1871"]
[BlackElo "2100"]
[PlyCount "161"]
[EventDate "2021.03.13"]
[EventType "swiss (blitz)"]
[EventRounds "10"]
[EventCountry "NET"]
[SourceTitle "EXT 2022"]
[Source "ChessBase"]
[SourceDate "2021.10.06"]
[SourceVersion "1"]
[SourceVersionDate "2021.10.06"]
[SourceQuality "1"]

1. Nf3 g6 2. g3 Bg7 3. Bg2 Nf6 4. 0-0 0-0 5. c4 c6 6. Nc3 d5 7. cxd5 Nxd5 8. Nxd5 Qxd5 9. d4 Qd8 10. b3 Bg4 11. Bb2 Nd7 12. h3 Bxf3 13. Bxf3 Nb6 14. Rc1 Qd7 15. Qd2 Qxh3 16. Bg2 Qe6 17. e4 Rad8 18. Qe3 Qd6 19. Rcd1 Qc7 20. f4 Rd7 21. Bh3 e6 22. f5 exf5 23. exf5 Nd5 24. Qf3 Re7 25. Rde1 Rfe8 26. Rxe7 Qxe7 27. f6 Bxf6 28. Bc1 Qe4 29. Qxe4 Rxe4 30. Bg2 Bxd4+ 31. Kh2 Re2 32. Rd1 Ne3 33. Bxe3 Bxe3 34. Rd8+ Kg7 35. Rd7 b5 36. Kh3 Rxa2 37. Bxc6 Kh6 38. Rxf7 Rb2 39. Bd5 Bb6 40. Rf3 Rd2 41. Be6 Rd6 42. Bg8 Kg7 43. Bf7 a5 44. Be8 Rd5 45. Bc6 Re5 46. Rd3 Kh6 47. Rd7 Re3 48. Bd5 a4 49. Bg8 axb3 50. Rxh7+ Kg5 51. Rb7 b2 52. Ba2 Bd4 53. Rxb5+ Kh6 54. Bb1 Re1 55. Bd3 g5 56. Rb7 Bg7 57. Rb6+ Bf6 58. Rxf6+ Kg7 59. Rb6 Kf7 60. Kg4 Re3 61. Bf5 Rc3 62. Rxb2 Kf6 63. Rb6+ Ke5 64. Rb5+ Kf6 65. Be4 Rc4 66. Kf3 Rc3+ 67. Kf2 g4 68. Rb6+ Ke5 69. Bg6 Rf3+ 70. Kg2 Ra3 71. Rb4 Ra2+ 72. Kf1 Ra1+ 73. Ke2 Ra2+ 74. Kd3 Ra3+ 75. Ke2 Rxg3 76. Kf2 Rf3+ 77. Kg2 Rf4 78. Rxf4 Kxf4 79. Be8 Kg5 80. Bc6 Kf4 81. Bb7 1/2-1/2

[Event "Wch U18"]
[Site "Porto Carras"]
[Date "2018.10.28"]
[Round "9.27"]
[White "Kandil, Adham"]
[Black "Dallemagne, Maximillien"]
[Result "1-0"]
[WhiteElo "2292"]
[BlackElo "2094"]
[PlyCount "101"]
[EventDate "2018.10.20"]
[EventType "swiss"]
[EventRounds "11"]
[EventCountry "GRE"]
[SourceTitle "CBM 187 Extra"]
[Source "ChessBase"]
[SourceDate "2018.11.04"]
[SourceVersion "1"]
[SourceVersionDate "2018.11.04"]
[SourceQuality "1"]

1. e4 e6 2. d4 d5 3. Nc3 Bb4 4. e5 c5 5. a3 Bxc3+ 6. bxc3 Qa5 7. Bd2 Qa4 8. Qg4 Kf8 9. Qd1 Nc6 10. Nf3 Nge7 11. Qb1 c4 12. Qc1 Bd7 13. h4 Ke8 14. h5 h6 15. g3 Kd8 16. Bh3 Kc7 17. Nh4 Rag8 18. Ng2 Qa5 19. Nf4 Kb8 20. a4 Qd8 21. Be3 Nc8 22. Kd2 Qe7 23. Qb2 g5 24. hxg6 fxg6 25. Rhb1 Nd8 26. Qb4 Kc7 27. Bg2 Bc6 28. Re1 h5 29. Bh3 Bd7 30. Nxd5+ exd5 31. e6 Bc6 32. Bf4+ Nd6 33. Qa5+ Kb8 34. Qc5 Kc7 35. Qa5+ Kb8 36. Qb4 Kc7 37. Be5 g5 38. f4 g4 39. Qa5+ Kb8 40. Qc5 Kc7 41. f5 b6 42. Qb4 gxh3 43. a5 N8b7 44. axb6+ axb6 45. Ra6 b5 46. f6 Qh7 47. Ra7 Qh6+ 48. Ke2 Kc8 49. Ra8+ Kc7 50. Bxd6+ Nxd6 51. Qa5+ 1-0

[Event "Wch U18"]
[Site "Porto Carras"]
[Date "2018.10.26"]
[Round "7"]
[White "Stijve, Theo"]
[Black "Dallemagne, Maximillien"]
[Result "1/2-1/2"]
[WhiteElo "2345"]
[BlackElo "2094"]
[PlyCount "112"]
[EventDate "2018.10.20"]
[EventType "swiss"]
[EventRounds "11"]
[EventCountry "GRE"]
[SourceTitle "CBM 187 Extra"]
[Source "ChessBase"]
[SourceDate "2018.11.04"]
[SourceVersion "1"]
[SourceVersionDate "2018.11.04"]
[SourceQuality "1"]

1. e4 e6 2. d4 d5 3. Nc3 Bb4 4. e5 c5 5. a3 Bxc3+ 6. bxc3 Qa5 7. Bd2 Qa4 8. Qg4 Kf8 9. Nf3 Nc6 10. Be2 Nge7 11. 0-0 Bd7 12. Ra2 Ng6 13. Rb1 Nd8 14. h4 h6 15. c4 dxc4 16. dxc5 Bc6 17. Rb4 Qa5 18. Qd4 Bd5 19. Rxb7 Qa6 20. Rb1 Nc6 21. Qe3 h5 22. Bc3 Nge7 23. Nd2 Na5 24. Rab2 Nac6 25. Rb5 Qa4 26. R1b2 Rh6 27. g3 Rd8 28. Qg5 Qxa3 29. Nb1 Qa4 30. Bxh5 Rh7 31. Rb7 g6 32. Be2 Be4 33. Qf4 Bxc2 34. Qxc4 Qxc4 35. Bxc4 Rd1+ 36. Kg2 Be4+ 37. f3 Bd5 38. Be2 Rc1 39. R7b5 a6 40. Rb6 Nf5 41. Rd2 g5 42. Bd3 g4 43. Be4 gxf3+ 44. Bxf3 Rg7 45. Bxd5 Rxg3+ 46. Kf2 exd5 47. Rxc6 Rxb1 48. Ba5 Rbg1 49. Rc8+ Kg7 50. c6 R1g2+ 51. Ke1 Rg1+ 52. Ke2 R1g2+ 53. Ke1 Rg1+ 54. Ke2 R1g2+ 55. Kd1 Rg1+ 56. Ke2 R1g2+ 1/2-1/2

[Event "BEL-ch U14"]
[Site "Blankenberge"]
[Date "2015.04.15"]
[Round "6"]
[White "Brackx, Theo"]
[Black "Dallemagne, Maximillien"]
[Result "1/2-1/2"]
[WhiteElo "1549"]
[BlackElo "1665"]
[PlyCount "81"]
[EventDate "2015.04.12"]
[EventType "swiss"]
[EventRounds "9"]
[EventCountry "BEL"]
[SourceTitle "CBM 166 Extra"]
[Source "ChessBase"]
[SourceDate "2015.06.18"]
[SourceVersion "1"]
[SourceVersionDate "2015.06.18"]
[SourceQuality "1"]

1. e4 e6 2. d4 d5 3. e5 c5 4. c3 Nc6 5. Nf3 Qb6 6. Qb3 Qxb3 7. axb3 cxd4 8. cxd4 Nge7 9. Nc3 Nf5 10. Nb5 Bb4+ 11. Bd2 0-0 12. Bxb4 Nxb4 13. Rxa7 Rxa7 14. Nxa7 Nc2+ 15. Kd2 Ncxd4 16. Nxd4 Nxd4 17. Kc3 Nc6 18. Nxc6 bxc6 19. Bd3 f6 20. f4 fxe5 21. fxe5 Rf2 22. Ra1 Bd7 23. Ra7 Be8 24. Re7 Kf8 25. Rxe6 Rxg2 26. Bxh7 Rxh2 27. Bg6 Bd7 28. Rd6 Ke7 29. Bd3 Rg2 30. b4 Rg5 31. Kd4 Rg4+ 32. Kc5 Rg3 33. Ba6 Rg5 34. b5 Rxe5 35. bxc6 d4+ 36. Rd5 Rxd5+ 37. Kxd5 Be6+ 38. Kxd4 Kd6 39. Bb5 Bb3 40. Kc3 Bd5 41. Bf1 1/2-1/2

[Event "Agneaux St Lo op U20 16th"]
[Site "Agneaux"]
[Date "2014.07.07"]
[Round "2"]
[White "Dallemagne, Maximillien"]
[Black "Jamar, Vadim"]
[Result "0-1"]
[WhiteElo "1639"]
[BlackElo "1881"]
[PlyCount "67"]
[EventDate "2014.07.06"]
[EventType "swiss"]
[EventRounds "9"]
[EventCountry "FRA"]
[SourceTitle "EXT 2015"]
[Source "ChessBase"]
[SourceDate "2014.11.20"]
[SourceVersion "1"]
[SourceVersionDate "2014.11.20"]
[SourceQuality "1"]

1. e4 c5 2. Nf3 e6 3. d3 Nc6 4. c3 d5 5. Qe2 d4 6. g3 e5 7. Bg2 Be6 8. Na3 f6 9. 0-0 Nge7 10. Rd1 a6 11. Nc2 b5 12. b4 dxc3 13. bxc5 Nd4 14. Nfxd4 exd4 15. e5 Bd5 16. exf6 gxf6 17. Qh5+ Bf7 18. Qh4 Rc8 19. Qxf6 Ng6 20. Bc6+ Rxc6 21. Qxc6+ Qd7 22. Nxd4 Bd5 23. Re1+ Be7 24. Qxd7+ Kxd7 25. Ne2 b4 26. Nf4 Nxf4 27. Bxf4 Bxc5 28. Re5 Kc6 29. Rh5 Bxa2 30. Rxa2 b3 31. Rxc5+ Kxc5 32. Ra3 b2 33. Rb3 a5 34. Be5 0-1

[Event "BEL-ch U14"]
[Site "Blankenberge"]
[Date "2014.04.15"]
[Round "4"]
[White "Dallemagne, Maximillien"]
[Black "Vermaercke, Reinout"]
[Result "1-0"]
[WhiteElo "1621"]
[BlackElo "1262"]
[PlyCount "77"]
[EventDate "2014.04.??"]
[EventType "swiss"]
[EventRounds "9"]
[EventCountry "BEL"]
[SourceTitle "EXT 2015"]
[Source "ChessBase"]
[SourceDate "2014.11.20"]
[SourceVersion "1"]
[SourceVersionDate "2014.11.20"]
[SourceQuality "1"]

1. e4 e5 2. Nf3 Nc6 3. Bc4 h6 4. d4 d6 5. dxe5 dxe5 6. Qxd8+ Kxd8 7. Bxf7 Nf6 8. 0-0 Nxe4 9. Bd5 Nd6 10. Bxc6 bxc6 11. Nxe5 Bb7 12. Rd1 Ke7 13. Ng6+ Kf6 14. Nxh8 Be7 15. b3 Rxh8 16. Bb2+ Kg6 17. c4 c5 18. Nd2 Rf8 19. Ba3 Ne8 20. Re1 Rf7 21. Ne4 Bxe4 22. Rxe4 Nf6 23. Re6 Kh7 24. Rc6 Ne8 25. Re1 a5 26. Bxc5 Bxc5 27. Rxc5 Nd6 28. Rxa5 Nf5 29. Ree5 Nd4 30. Red5 Re7 31. g3 Nc6 32. Rac5 Nb8 33. Rb5 c6 34. Re5 cxb5 35. Rxe7 bxc4 36. bxc4 Nc6 37. Re6 Nd4 38. Rd6 Nf5 39. c5 1-0